000
00292pam a2200133 a 4500
020
_c
041
_h
082
_a
700.1
_b
GOM
100
_a
E. H. Gombrich .
245
_a
The Story of Art
_h
Textual Documents
260
_a
America
_b
Phaidon Book
300
_a
1046:
_b
paper.
930
_a
5252
999
_c
239042
_d
239042